[Event "Titled Tuesday intern op 16th Apr Early"]
[Site "Chess.com INT"]
[Date "2024.04.16"]
[Round "4"]
[White "Molina, Roberto Junio Brito"]
[Black "Rogov, Matfey"]
[Result "0-1"]
[WhiteElo "2373"]
[BlackElo "2191"]
[PlyCount "62"]
[EventDate "2024.04.16"]
[EventType "swiss (blitz)"]
[EventRounds "11"]
[EventCountry "USA"]
[SourceTitle "CB17_2024"]
[SourceDate "2024.04.24"]
[SourceVersion "1"]
[SourceVersionDate "2024.04.24"]
[SourceQuality "1"]

1. d4 Nf6 2. Nf3 d5 3. e3 c5 4. c3 Nc6 5. Nbd2 Bf5 6. dxc5 a5 7. Bb5 e6 8. Nd4 Qc7 9. Nxf5 exf5 10. b4 Nd7 11. Qb3 g6 12. Bb2 Bg7 13. 0-0 0-0 14. a3 Rfd8 15. Rad1 b6 16. cxb6 Qxb6 17. a4 Nde5 18. Nb1 Ne7 19. Ba3 Qf6 20. bxa5 Qh4 21. h3 f4 22. exf4 Nf3+ 23. Kh1 Qxf4 24. g3 Qf5 25. Kg2 Ng5 26. Be2 Qxh3+ 27. Kg1 Nf5 28. c4 Nd4 29. Qd3 Re8 30. Rd2 Rxe2 31. Qxd4 Nf3# 0-1

[Event "Titled Tuesday intern op 16th Apr Early"]
[Site "Chess.com INT"]
[Date "2024.04.16"]
[Round "1"]
[White "Silva, Pedro Gil Ferreira"]
[Black "Molina, Roberto Junio Brito"]
[Result "0-1"]
[WhiteElo "2237"]
[BlackElo "2373"]
[PlyCount "48"]
[EventDate "2024.04.16"]
[EventType "swiss (blitz)"]
[EventRounds "11"]
[EventCountry "USA"]
[SourceTitle "CB17_2024"]
[SourceDate "2024.04.24"]
[SourceVersion "1"]
[SourceVersionDate "2024.04.24"]
[SourceQuality "1"]

1. c4 c6 2. Nf3 d5 3. g3 dxc4 4. Bg2 b5 5. a4 Bb7 6. 0-0 a6 7. b3 cxb3 8. Qxb3 e6 9. Bb2 Nf6 10. Rc1 Be7 11. Ne5 Nd5 12. d4 0-0 13. Nc3 Nd7 14. Ne4 Nxe5 15. dxe5 Qb6 16. Nd6 Rab8 17. e3 c5 18. axb5 axb5 19. Qxb5 Qxb5 20. Nxb5 Nb4 21. Bxb7 Rxb7 22. Ra7 Rxb5 23. Rxe7 Nd3 24. Rd1 Nxb2 0-1

[Event "Titled Tuesday intern op 02nd Apr Early"]
[Site "Chess.com INT"]
[Date "2024.04.02"]
[Round "1"]
[White "Dwilewicz, Katarzyna"]
[Black "Molina, Roberto Junio Brito"]
[Result "1-0"]
[WhiteElo "2130"]
[BlackElo "2373"]
[PlyCount "83"]
[EventDate "2024.04.02"]
[EventType "swiss (blitz)"]
[EventRounds "11"]
[EventCountry "USA"]
[SourceTitle "CB15_2024"]
[SourceDate "2024.04.10"]
[SourceVersion "1"]
[SourceVersionDate "2024.04.10"]
[SourceQuality "1"]

1. e4 c6 2. d4 d5 3. exd5 cxd5 4. Bd3 Nc6 5. c3 g6 6. Bf4 Bf5 7. Bxf5 gxf5 8. Nd2 Nf6 9. Qf3 e6 10. h3 Rg8 11. Ne2 Ne4 12. 0-0-0 Bd6 13. g4 Bxf4 14. Qxf4 Qg5 15. Qxg5 Rxg5 16. f4 Rg8 17. Nxe4 fxe4 18. g5 f6 19. h4 Kf7 20. Kd2 Ne7 21. Rdg1 Rg7 22. Ng3 Rg6 23. Nf1 Nf5 24. Ne3 Nxe3 25. Kxe3 Rag8 26. a4 h6 27. h5 R6g7 28. g6+ Ke7 29. a5 Rc8 30. Ra1 f5 31. Ra4 Kf6 32. Rb4 Rc6 33. Ra1 Rd7 34. Ra3 Rcc7 35. Rab3 Ke7 36. Rb5 Kd6 37. Ra3 Rg7 38. Ra1 Kd7 39. a6 Kc8 40. axb7+ Rxb7 41. Rc5+ Rgc7 42. g7 1-0

[Event "Titled Tuesday intern op 02nd Apr Early"]
[Site "Chess.com INT"]
[Date "2024.04.02"]
[Round "2"]
[White "Molina, Roberto Junio Brito"]
[Black "Hoffmann, Asa"]
[Result "1-0"]
[WhiteElo "2373"]
[BlackElo "2185"]
[PlyCount "109"]
[EventDate "2024.04.02"]
[EventType "swiss (blitz)"]
[EventRounds "11"]
[EventCountry "USA"]
[SourceTitle "CB15_2024"]
[SourceDate "2024.04.10"]
[SourceVersion "1"]
[SourceVersionDate "2024.04.10"]
[SourceQuality "1"]

1. e4 d6 2. d4 c6 3. Nc3 a6 4. a4 Nf6 5. f4 Qa5 6. Bd3 e5 7. Nf3 exd4 8. Nxd4 Bg4 9. Qd2 Bd7 10. Nb3 Qc7 11. 0-0 Be7 12. a5 0-0 13. Kh1 c5 14. Bc4 Be6 15. Qe2 Nc6 16. Bxe6 fxe6 17. Qc4 Qc8 18. Be3 Kh8 19. Rad1 Nb4 20. Rd2 d5 21. exd5 exd5 22. Nxd5 Nfxd5 23. Rxd5 Nxd5 24. Qxd5 c4 25. Nd4 Bf6 26. Ne6 Re8 27. f5 Qc6 28. Qxc6 bxc6 29. c3 Rab8 30. Bb6 Rb7 31. Rd1 Kg8 32. g4 h6 33. Kg2 Kf7 34. Rd6 Rc8 35. Kf3 Be5 36. Nd8+ Rxd8 37. Rxd8 Bxh2 38. Rc8 Be5 39. Rxc6 Ke7 40. Rxc4 Kd6 41. b4 Rf7 42. Ke4 Bg3 43. Rd4+ Kc6 44. c4 Re7+ 45. Kd3 Bd6 46. b5+ axb5 47. cxb5+ Kxb5 48. Rxd6 Re1 49. Rd4 Rd1+ 50. Ke4 Re1+ 51. Kd5 Rg1 52. Rb4+ Kxb4 53. Bxg1 Kxa5 54. Bd4 Kb5 55. Bxg7 1-0

[Event "Titled Tuesday intern op 02nd Apr Early"]
[Site "Chess.com INT"]
[Date "2024.04.02"]
[Round "10"]
[White "Molina, Roberto Junio Brito"]
[Black "Sahib, Singh"]
[Result "0-1"]
[WhiteElo "2373"]
[BlackElo "2290"]
[PlyCount "36"]
[EventDate "2024.04.02"]
[EventType "swiss (blitz)"]
[EventRounds "11"]
[EventCountry "USA"]
[SourceTitle "CB15_2024"]
[SourceDate "2024.04.10"]
[SourceVersion "1"]
[SourceVersionDate "2024.04.10"]
[SourceQuality "1"]

1. e4 e6 2. d4 d5 3. Nc3 Nf6 4. e5 Nfd7 5. f4 c5 6. Nf3 Nc6 7. Be3 Be7 8. Qd2 0-0 9. Ne2 f6 10. c3 fxe5 11. fxe5 Bh4+ 12. Nxh4 Qxh4+ 13. g3 Qe4 14. Rg1 cxd4 15. cxd4 Nb4 16. Nc3 Nc2+ 17. Ke2 Qf3+ 18. Kd3 Nb4# 0-1

[Event "Titled Tuesday intern op 02nd Apr Early"]
[Site "Chess.com INT"]
[Date "2024.04.02"]
[Round "6"]
[White "Molina, Roberto Junio Brito"]
[Black "Vokhidov, Shamsiddin"]
[Result "0-1"]
[WhiteElo "2373"]
[BlackElo "2591"]
[PlyCount "154"]
[EventDate "2024.04.02"]
[EventType "swiss (blitz)"]
[EventRounds "11"]
[EventCountry "USA"]
[SourceTitle "CB15_2024"]
[SourceDate "2024.04.10"]
[SourceVersion "1"]
[SourceVersionDate "2024.04.10"]
[SourceQuality "1"]

1. d4 Nf6 2. Nf3 e6 3. e3 b6 4. Bd3 Bb7 5. 0-0 c5 6. Qe2 Be7 7. c3 d5 8. Nbd2 0-0 9. e4 cxd4 10. Nxd4 Nc6 11. e5 Nd7 12. f4 Nc5 13. Bb5 Nxd4 14. cxd4 Ne4 15. Bd3 f5 16. exf6 Bxf6 17. Nf3 Qe7 18. Be3 Rac8 19. Rac1 Nd6 20. Ne5 Nf5 21. Bf2 Rfd8 22. Rfe1 Re8 23. Rxc8 Rxc8 24. Ng4 Nxd4 25. Nxf6+ Qxf6 26. Qh5 g6 27. Qg4 Rf8 28. g3 Bc8 29. Qd1 Nf5 30. Qe2 Bd7 31. b3 Rc8 32. Qd2 Nd4 33. Kg2 Nc6 34. Bb5 Nb8 35. Be2 Qc3 36. Rd1 Qxd2 37. Rxd2 Nc6 38. Bb5 Ne5 39. Be2 Nf7 40. Bd4 Nd6 41. Bd3 Bb5 42. Bc2 Kf7 43. Kf3 Ba6 44. a4 Bb7 45. g4 b5 46. Be5 Ke7 47. a5 b4 48. Bd3 Kd7 49. h4 Bc6 50. h5 Bb5 51. Bc2 gxh5 52. gxh5 h6 53. Bg7 Nf7 54. Bg6 Ke7 55. f5 Ng5+ 56. Kf4 Ne4 57. Rg2 Rc1 58. Ke5 exf5 59. Bxf5 Re1 60. Kd4 Nd6 61. Bc2 Rh1 62. Bg6 Rh4+ 63. Kc5 a6 64. Rf2 Rh3 65. Bf6+ Ke6 66. Bg7 Ne4+ 67. Bxe4 dxe4 68. Bxh6 Rxh5+ 69. Kd4 Rxh6 70. Kxe4 Rh4+ 71. Ke3 Rh3+ 72. Kd4 Rxb3 73. Kc5 Rb1 74. Rf4 b3 75. Rb4 b2 76. Kb6 Kd5 77. Rb3 Kc4 0-1

[Event "Osasco Tasoko Memorial"]
[Site "Osasco"]
[Date "2024.03.19"]
[Round "2"]
[White "Molina, Roberto Junio Brito"]
[Black "Di Berardino, Diego Rafael"]
[Result "1-0"]
[WhiteElo "2376"]
[BlackElo "2497"]
[PlyCount "61"]
[EventDate "2024.03.18"]
[EventType "tourn"]
[EventRounds "9"]
[EventCountry "BRA"]
[EventCategory "6"]
[SourceTitle "CB13_2024"]
[SourceDate "2024.03.27"]
[SourceVersion "1"]
[SourceVersionDate "2024.03.27"]
[SourceQuality "1"]

1. d4 Nf6 2. c4 e6 3. Nf3 d5 4. Nc3 Nbd7 5. cxd5 exd5 6. Bg5 Bb4 7. e3 h6 8. Bxf6 Qxf6 9. a3 Bxc3+ 10. bxc3 Nb6 11. Be2 c5 12. 0-0 c4 13. Nd2 0-0 14. e4 dxe4 15. Nxe4 Qe7 16. Bf3 Be6 17. Re1 Qc7 18. Nc5 Bd5 19. Bxd5 Nxd5 20. Qf3 Rad8 21. Rab1 b6 22. Na6 Qf4 23. Qxf4 Nxf4 24. Nb4 Rd6 25. g3 Ne6 26. a4 Nc7 27. Rbc1 Rc8 28. Nc2 b5 29. Ne3 a6 30. axb5 Rb6 31. Nxc4 1-0

[Event "Osasco Tasoko Memorial"]
[Site "Osasco"]
[Date "2024.03.18"]
[Round "1"]
[White "Do Valle Cardoso, Lucas"]
[Black "Molina, Roberto Junio Brito"]
[Result "1/2-1/2"]
[WhiteElo "2406"]
[BlackElo "2376"]
[PlyCount "108"]
[EventDate "2024.03.18"]
[EventType "tourn"]
[EventRounds "9"]
[EventCountry "BRA"]
[EventCategory "6"]
[SourceTitle "CB13_2024"]
[SourceDate "2024.03.27"]
[SourceVersion "1"]
[SourceVersionDate "2024.03.27"]
[SourceQuality "1"]

1. e4 e5 2. Nf3 Nc6 3. Bc4 Bc5 4. b4 Bxb4 5. c3 Be7 6. d4 Na5 7. Be2 exd4 8. Qxd4 Nf6 9. e5 Nc6 10. Qh4 Nd5 11. Qg3 0-0 12. Bh6 g6 13. Bxf8 Bxf8 14. Bc4 Nb6 15. Bb3 d5 16. 0-0 Ne7 17. h4 Nf5 18. Qf4 Qe7 19. g3 Bh6 20. Ng5 c6 21. Nd2 Be6 22. Ndf3 Nd7 23. Rfe1 Nc5 24. Bc2 Bd7 25. a4 b6 26. c4 Ne6 27. Qc1 Nfd4 28. Nxd4 Nxd4 29. Qd1 Nxc2 30. Qxc2 Bxg5 31. hxg5 Qxg5 32. a5 bxa5 33. cxd5 cxd5 34. Rxa5 Be6 35. Qc1 Qg4 36. Qa3 h5 37. Ra4 Qg5 38. Qe3 Qf5 39. Rxa7 Rxa7 40. Qxa7 h4 41. Qe3 hxg3 42. fxg3 Qg4 43. Qf4 Qxf4 44. gxf4 g5 45. fxg5 Kg7 46. Kf2 Kg6 47. Ke3 Kxg5 48. Rg1+ Kf5 49. Kd4 Kf4 50. Rf1+ Kg5 51. Rf2 Kg4 52. Kc5 Kg5 53. Kd6 Kg4 54. Rf1 Kg3 1/2-1/2

[Event "Titled Tuesday intern op 12th Mar Early"]
[Site "Chess.com INT"]
[Date "2024.03.12"]
[Round "8"]
[White "Molina, Roberto Junio Brito"]
[Black "Bilic, Vladimir"]
[Result "0-1"]
[WhiteElo "2376"]
[BlackElo "2336"]
[PlyCount "116"]
[EventDate "2024.03.12"]
[EventType "swiss (blitz)"]
[EventRounds "11"]
[EventCountry "USA"]
[SourceTitle "CB12_2024"]
[SourceDate "2023.10.01"]
[SourceVersion "1"]
[SourceVersionDate "2023.10.01"]
[SourceQuality "1"]

1. e4 e6 2. d4 d5 3. Nd2 dxe4 4. Nxe4 Nd7 5. Nf3 Ngf6 6. Nxf6+ Nxf6 7. Be3 Nd5 8. Qd2 Nxe3 9. fxe3 g6 10. Bd3 Bg7 11. 0-0 0-0 12. c3 b6 13. Qe2 c5 14. Rad1 Qc7 15. Ng5 Bb7 16. Be4 Rad8 17. Bxb7 Qxb7 18. Qf3 Qc7 19. Rd2 Rd5 20. Ne4 Rf5 21. Qe2 Rxf1+ 22. Qxf1 cxd4 23. exd4 Rd8 24. Qe2 Rd7 25. g3 Qd8 26. Qc4 Rd5 27. Re2 e5 28. dxe5 Rxe5 29. Rd2 Qe7 30. Qc8+ Bf8 31. Nf2 Re2 32. Qd8 Qe3 33. Rxe2 Qxe2 34. Qd5 Qxb2 35. Ne4 Qc1+ 36. Kg2 Qc2+ 37. Kg1 Qe2 38. Ng5 Qe7 39. Kg2 h6 40. Nf3 Bg7 41. c4 Kh7 42. h4 Qe2+ 43. Kh3 Qe6+ 44. Qxe6 fxe6 45. Kg4 Bf6 46. Kf4 Kg7 47. g4 Kf7 48. Ke4 h5 49. g5 Bg7 50. a4 Ke7 51. Ne5 Bxe5 52. Kxe5 a5 53. Ke4 Kd6 54. Kd4 e5+ 55. Ke4 Ke6 56. Ke3 Kf5 57. Kf3 e4+ 58. Ke3 Ke5 0-1

[Event "Titled Tuesday intern op 13th Feb Early"]
[Site "Chess.com INT"]
[Date "2024.02.13"]
[Round "1"]
[White "Molina, Roberto Junio Brito"]
[Black "Bolat, Inayat"]
[Result "1-0"]
[WhiteElo "2376"]
[BlackElo "2208"]
[PlyCount "257"]
[EventDate "2024.02.13"]
[EventType "swiss (blitz)"]
[EventRounds "11"]
[EventCountry "USA"]
[SourceTitle "CB08_2024"]
[SourceDate "2024.02.21"]
[SourceVersion "1"]
[SourceVersionDate "2024.02.21"]
[SourceQuality "1"]

1. d4 Nf6 2. Nf3 g6 3. e3 Bg7 4. Be2 0-0 5. 0-0 d6 6. c4 Nbd7 7. Nc3 e5 8. b3 Qe7 9. Bb2 e4 10. Nd2 c6 11. Qc2 Re8 12. Rae1 h5 13. Qb1 a5 14. Bd1 Nf8 15. Bc2 Bf5 16. f3 d5 17. fxe4 dxe4 18. d5 Rad8 19. Re2 cxd5 20. cxd5 Nxd5 21. Nxd5 Rxd5 22. Bxg7 Kxg7 23. Qe1 h4 24. h3 Qg5 25. Rf4 Red8 26. Nxe4 Bxe4 27. Rxe4 Ne6 28. Qxh4 Qxh4 29. Rxh4 Rd2 30. Kf2 Nc5 31. Rc4 Nd3+ 32. Bxd3 R8xd3 33. Rc2 Rd1 34. Rc7 b5 35. Rc5 Rd5 36. Rxd5 Rxd5 37. e4 Rd3 38. Rc2 Kf6 39. h4 Ke5 40. Rc5+ Kxe4 41. Rxb5 Rd2+ 42. Kg3 Rxa2 43. Rb7 Ra3 44. Kg4 f6 45. Rb6 Ke5 46. g3 a4 47. Rb5+ Ke6 48. Rb6+ Ke5 49. b4 Rb3 50. Kh3 a3 51. Ra6 Kf5 52. b5 Rxb5 53. Rxa3 Ke6 54. Re3+ Re5 55. Rd3 f5 56. Kg2 Kf6 57. Kf3 Re6 58. Rd5 Rc6 59. Rd3 Ke6 60. Kf4 Kf6 61. Rd4 Rb6 62. Rc4 Ra6 63. Kf3 Re6 64. Rc8 Rd6 65. Rh8 Rd3+ 66. Kg2 Ke5 67. Rf8 Rb3 68. Kf2 Ke6 69. Rg8 Kf7 70. Rd8 Kf6 71. Rd4 Rc3 72. Rd2 Ra3 73. Re2 Rb3 74. Re3 Rb2+ 75. Kf3 Rb4 76. Rd3 Ra4 77. Rc3 Rd4 78. Rc6+ Kf7 79. Rc5 Rb4 80. Kg2 Kf6 81. Kh3 Rb3 82. Rc6+ Kf7 83. Rc4 Kf6 84. Kh2 Rb2+ 85. Kg1 Rb3 86. Kf2 Rb2+ 87. Kf3 Rb3+ 88. Kg2 Ra3 89. Rf4 Ke5 90. Rb4 Kf6 91. Kh3 Rc3 92. Rb6+ Kf7 93. Kh2 Rc2+ 94. Kh3 Rc3 95. Rb4 Kf6 96. Ra4 Kf7 97. Kg2 Rb3 98. Rf4 Kf6 99. Rc4 Ra3 100. Rc6+ Kf7 101. Rc8 Rb3 102. Rc7+ Kf6 103. Rh7 Ra3 104. h5 gxh5 105. Rxh5 Kg6 106. Rh8 Ra2+ 107. Kh3 Ra3 108. Rf8 Kg5 109. Rg8+ Kf6 110. Kh4 Ra4+ 111. Kh5 Ra1 112. Rf8+ Ke6 113. Kg5 Rg1 114. Re8+ Kf7 115. Re3 Rf1 116. Re5 Rf3 117. Rxf5+ Rxf5+ 118. Kxf5 Kg7 119. Kg5 Kh7 120. Kf6 Kh8 121. Kg6 Kg8 122. g4 Kh8 123. g5 Kg8 124. Kh6 Kh8 125. g6 Kg8 126. g7 Kf7 127. Kh7 Kf6 128. g8Q Kf5 129. Qg3 1-0

[Event "Titled Tuesday intern op 13th Feb Early"]
[Site "Chess.com INT"]
[Date "2024.02.13"]
[Round "9"]
[White "Molina, Roberto Junio Brito"]
[Black "Eynullayev, Atilla Elshan"]
[Result "0-1"]
[WhiteElo "2376"]
[BlackElo "2265"]
[PlyCount "64"]
[EventDate "2024.02.13"]
[EventType "swiss (blitz)"]
[EventRounds "11"]
[EventCountry "USA"]
[SourceTitle "CB08_2024"]
[SourceDate "2024.02.21"]
[SourceVersion "1"]
[SourceVersionDate "2024.02.21"]
[SourceQuality "1"]

1. d4 Nf6 2. Nf3 d5 3. e3 e6 4. Bd3 c5 5. c3 Nc6 6. 0-0 g6 7. Nbd2 Bg7 8. dxc5 Nd7 9. Nb3 a5 10. a4 0-0 11. e4 Nf6 12. exd5 Nxd5 13. Re1 h6 14. Qe2 Qc7 15. g3 Rd8 16. Bd2 b6 17. cxb6 Qxb6 18. Bb5 Bb7 19. Rad1 Rac8 20. c4 Ndb4 21. Be3 Qc7 22. Rxd8+ Rxd8 23. Rd1 Rxd1+ 24. Qxd1 Bxb2 25. Bxh6 Ne5 26. Nxe5 Qxe5 27. Nxa5 Be4 28. Nb3 Nd3 29. Be3 Qf5 30. Nd4 Bxd4 31. Bxd4 Bf3 32. Qd2 Qh3 0-1

[Event "Titled Tuesday intern op 13th Feb Early"]
[Site "Chess.com INT"]
[Date "2024.02.13"]
[Round "3"]
[White "Molina, Roberto Junio Brito"]
[Black "Mammadzada, Gunay Vuqar Qizi"]
[Result "1-0"]
[WhiteElo "2376"]
[BlackElo "2449"]
[PlyCount "73"]
[EventDate "2024.02.13"]
[EventType "swiss (blitz)"]
[EventRounds "11"]
[EventCountry "USA"]
[SourceTitle "CB08_2024"]
[SourceDate "2024.02.21"]
[SourceVersion "1"]
[SourceVersionDate "2024.02.21"]
[SourceQuality "1"]

1. d4 Nf6 2. Nf3 d5 3. e3 e6 4. Bd3 Be7 5. Nbd2 0-0 6. 0-0 c5 7. c3 b6 8. e4 cxd4 9. Nxd4 dxe4 10. Nxe4 Bb7 11. Qe2 Nbd7 12. Rd1 Qb8 13. Bg5 h6 14. Bh4 Nd5 15. Bg3 Nf4 16. Qe3 e5 17. Nf5 Bc5 18. Nxc5 Nxc5 19. Bf1 Qc7 20. Nd6 Ng6 21. Nxb7 Qxb7 22. Bc4 Rad8 23. f3 Qc6 24. b3 Qf6 25. b4 Ne6 26. Bf1 Ngf4 27. Rac1 Nd5 28. Qxe5 Qxe5 29. Bxe5 Ne3 30. Rxd8 Rxd8 31. Kf2 Nxf1 32. Kxf1 Rd2 33. c4 f6 34. Bg3 Rxa2 35. c5 bxc5 36. bxc5 Ra3 37. c6 1-0

[Event "Titled Tuesday intern op 06th Feb Early"]
[Site "Chess.com INT"]
[Date "2024.02.06"]
[Round "3"]
[White "Domin, Yan"]
[Black "Molina, Roberto Junio Brito"]
[Result "0-1"]
[WhiteElo "2209"]
[BlackElo "2376"]
[PlyCount "104"]
[EventDate "2024.02.06"]
[EventType "swiss (blitz)"]
[EventRounds "11"]
[EventCountry "USA"]
[SourceTitle "CB07_2024"]
[SourceDate "2024.02.14"]
[SourceVersion "1"]
[SourceVersionDate "2024.02.14"]
[SourceQuality "1"]

1. e4 c6 2. d4 d5 3. e5 Bf5 4. Nf3 e6 5. Be2 Nd7 6. 0-0 Bg6 7. Nbd2 Nh6 8. Re1 Nf5 9. Nf1 Be7 10. Bd3 0-0 11. Ng3 Nxg3 12. Bxg6 fxg6 13. hxg3 c5 14. c3 Rc8 15. Qd3 c4 16. Qe2 h6 17. Qc2 Qe8 18. Be3 b5 19. b4 Nb6 20. g4 g5 21. Nh2 Ra8 22. Nf1 a5 23. a3 Qf7 24. Reb1 Ra7 25. Ng3 g6 26. Rf1 Kg7 27. f4 gxf4 28. Rxf4 Qe8 29. Raf1 Bg5 30. Rxf8 Bxe3+ 31. R8f2 axb4 32. axb4 Rf7 33. Kh2 Bxf2 34. Rxf2 Rxf2 35. Qxf2 Qf7 36. Qxf7+ Kxf7 37. Ne2 Na4 38. Kg3 Nb2 39. Kf4 Nd1 40. Kf3 g5 41. Kg3 Kg6 42. Kf3 Kg7 43. Kg3 Kh7 44. Kf3 Kg6 45. Kg3 h5 46. Kh3 Nf2+ 47. Kg3 Nxg4 48. Kf3 Nh6 49. Kg3 Nf5+ 50. Kf3 g4+ 51. Kf4 Nh4 52. g3 Ng2# 0-1

[Event "Florianopolis op 10th"]
[Site "Florianopolis"]
[Date "2024.01.27"]
[Round "9"]
[White "Volkmann, Andre Jordi"]
[Black "Molina, Roberto Junio Brito"]
[Result "0-1"]
[WhiteElo "2083"]
[BlackElo "2381"]
[PlyCount "78"]
[EventDate "2024.01.20"]
[EventType "swiss"]
[EventRounds "10"]
[EventCountry "BRA"]
[SourceTitle "CB05_2024"]
[SourceDate "2024.01.31"]
[SourceVersion "1"]
[SourceVersionDate "2024.01.31"]
[SourceQuality "1"]

1. d4 d5 2. c4 e6 3. Nc3 Nf6 4. cxd5 exd5 5. Bg5 c6 6. e3 Be7 7. Bd3 Nbd7 8. Nf3 Ne4 9. Bf4 Ndf6 10. 0-0 0-0 11. Qc2 Bf5 12. Ne5 g6 13. h3 Nd6 14. Bxf5 Nxf5 15. Na4 Nd6 16. Nc5 Rc8 17. Qa4 a6 18. Rac1 Re8 19. Ned3 Qb6 20. Rc3 Qa7 21. Rb3 Nb5 22. Ne5 Bxc5 23. dxc5 Ne4 24. Rb4 Qxc5 25. Rd1 Rcd8 26. Qb3 Qe7 27. a4 Nbd6 28. Nd3 b5 29. axb5 axb5 30. Ne5 Rc8 31. Rbd4 Nc5 32. Qc2 Nc4 33. Ng4 h5 34. Nh6+ Kg7 35. g4 Ne6 36. Rxc4 bxc4 37. Qc3+ Kh7 38. g5 Nxg5 39. h4 Nh3+ 0-1

[Event "Titled Tuesday intern op 16th Jan Early"]
[Site "Chess.com INT"]
[Date "2024.01.16"]
[Round "4"]
[White "Aronian, Levon"]
[Black "Molina, Roberto Junio Brito"]
[Result "1-0"]
[WhiteElo "2725"]
[BlackElo "2381"]
[PlyCount "81"]
[EventDate "2024.01.16"]
[EventType "swiss (blitz)"]
[EventRounds "11"]
[EventCountry "USA"]
[SourceTitle "CB04_2024"]
[SourceDate "2023.10.16"]
[SourceVersion "1"]
[SourceVersionDate "2023.10.16"]
[SourceQuality "1"]

1. e4 c6 2. d4 d5 3. e5 Bf5 4. h4 Qb6 5. a4 h6 6. a5 Qc7 7. Nc3 e6 8. Bd3 Ne7 9. h5 a6 10. b4 Nd7 11. g4 Bxd3 12. Qxd3 0-0-0 13. f4 g6 14. hxg6 fxg6 15. Nf3 Kb8 16. Na4 Bg7 17. Bd2 Ka8 18. 0-0-0 Rdf8 19. Nh4 Rhg8 20. Rdf1 Qd8 21. f5 gxf5 22. gxf5 exf5 23. Nxf5 Nxf5 24. Rxf5 Qe7 25. Rxf8+ Bxf8 26. Qf5 Ka7 27. Rf1 Qe8 28. e6 Nb8 29. Nb6 Bd6 30. Qf7 h5 31. Bh6 h4 32. Rh1 Bg3 33. Kb2 Qd8 34. e7 Qe8 35. Rf1 Qxf7 36. Rxf7 Re8 37. Bg5 Bd6 38. Rf8 Rxe7 39. Bxe7 Bxe7 40. Nc8+ Ka8 41. Nxe7 1-0

[Event "Titled Tuesday intern op 16th Jan Late"]
[Site "Chess.com INT"]
[Date "2024.01.16"]
[Round "5"]
[White "Grutter, Tim"]
[Black "Molina, Roberto Junio Brito"]
[Result "1/2-1/2"]
[WhiteElo "2343"]
[BlackElo "2381"]
[PlyCount "112"]
[EventDate "2024.01.16"]
[EventType "swiss (blitz)"]
[EventRounds "11"]
[EventCountry "USA"]
[SourceTitle "CB04_2024"]
[SourceDate "2023.10.16"]
[SourceVersion "1"]
[SourceVersionDate "2023.10.16"]
[SourceQuality "1"]

1. Nf3 d5 2. e3 Nf6 3. c4 c6 4. b3 Bg4 5. Bb2 e6 6. Be2 Nbd7 7. 0-0 Bd6 8. h3 Bh5 9. Nc3 0-0 10. d4 Qe7 11. Rc1 Ne4 12. Nxe4 dxe4 13. Ne5 Bxe2 14. Qxe2 Rad8 15. Rfd1 f5 16. Nxd7 Rxd7 17. Qh5 Qf7 18. Qxf7+ Kxf7 19. Kf1 Rfd8 20. Ke2 Be7 21. Rd2 Bb4 22. Rdd1 g5 23. g3 Be7 24. Bc3 Bf6 25. Rd2 h5 26. Rcd1 c5 27. a3 cxd4 28. Bxd4 Bxd4 29. Rxd4 Rxd4 30. Rxd4 Rxd4 31. exd4 f4 32. b4 h4 33. gxh4 gxh4 34. f3 e3 35. Kd3 Ke7 36. Ke2 Kd6 37. Kd3 e5 38. d5 b5 39. c5+ Kxd5 40. Ke2 e4 41. fxe4+ Kxe4 42. c6 f3+ 43. Kf1 e2+ 44. Kf2 Kd3 45. c7 Kd2 46. c8Q e1Q+ 47. Kxf3 Qg3+ 48. Ke4 Qxa3 49. Qd7+ Kc2 50. Qxb5 Qxh3 51. Qc5+ Qc3 52. Qxa7 Qxb4+ 53. Kf3 h3 54. Kg3 Kd3 55. Kxh3 Qd4 56. Qxd4+ Kxd4 1/2-1/2

[Event "Titled Tuesday intern op 16th Jan Early"]
[Site "Chess.com INT"]
[Date "2024.01.16"]
[Round "3"]
[White "Molina, Roberto Junio Brito"]
[Black "Manukian, Artak"]
[Result "1-0"]
[WhiteElo "2381"]
[BlackElo "2196"]
[PlyCount "119"]
[EventDate "2024.01.16"]
[EventType "swiss (blitz)"]
[EventRounds "11"]
[EventCountry "USA"]
[SourceTitle "CB04_2024"]
[SourceDate "2023.10.16"]
[SourceVersion "1"]
[SourceVersionDate "2023.10.16"]
[SourceQuality "1"]

1. d4 d5 2. Nf3 Nf6 3. e3 Bg4 4. c4 e6 5. Qb3 Bxf3 6. gxf3 Qc8 7. cxd5 exd5 8. Nc3 c6 9. e4 Be7 10. Be3 0-0 11. 0-0-0 a5 12. Kb1 b5 13. e5 Ne8 14. f4 a4 15. Qc2 b4 16. Nxd5 Bd8 17. Nxb4 a3 18. b3 Ba5 19. Nd5 Qe6 20. Nc3 Bxc3 21. Qxc3 Nc7 22. Ka1 Nd5 23. Qc2 Na6 24. Bxa6 Rxa6 25. f5 Qc8 26. Rc1 f6 27. e6 Ne7 28. d5 Nxd5 29. Rhd1 Qb8 30. Qe4 Qxh2 31. e7 Re8 32. Rxc6 Rxc6 33. Qxd5+ Kh8 34. Qxc6 Qe5+ 35. Bd4 Qxe7 36. Bc3 h5 37. Qf3 Qf7 38. Rh1 Kg8 39. Qxh5 Qxh5 40. Rxh5 Re2 41. Rh1 Rxf2 42. Bb4 Rxf5 43. Bxa3 g5 44. Bd6 Rd5 45. Bb4 f5 46. Rh2 g4 47. Kb2 Kf7 48. Be1 f4 49. Rg2 Rg5 50. Kc3 Ke6 51. Kd4 Kf5 52. Bh4 Rg8 53. Bf2 g3 54. Bxg3 fxg3 55. Ke3 Kg4 56. b4 Re8+ 57. Kd3 Kf3 58. Rg1 g2 59. b5 Re2 60. a4 1-0

[Event "Titled Tuesday intern op 16th Jan Early"]
[Site "Chess.com INT"]
[Date "2024.01.16"]
[Round "2"]
[White "Mortazavi, Ali"]
[Black "Molina, Roberto Junio Brito"]
[Result "1/2-1/2"]
[WhiteElo "2333"]
[BlackElo "2381"]
[PlyCount "87"]
[EventDate "2024.01.16"]
[EventType "swiss (blitz)"]
[EventRounds "11"]
[EventCountry "USA"]
[SourceTitle "CB04_2024"]
[SourceDate "2023.10.16"]
[SourceVersion "1"]
[SourceVersionDate "2023.10.16"]
[SourceQuality "1"]

1. Nf3 d5 2. g3 c6 3. Bg2 Bg4 4. 0-0 Nd7 5. d3 e6 6. c4 Bd6 7. Be3 Ne7 8. Qb3 Qb8 9. Nc3 0-0 10. Rac1 Rc8 11. cxd5 exd5 12. Na4 h6 13. Nc5 Nxc5 14. Bxc5 Bxc5 15. Rxc5 Bxf3 16. Bxf3 Qd6 17. Rfc1 Rc7 18. d4 Rac8 19. Qd3 b6 20. R5c2 f5 21. e3 g6 22. a3 h5 23. h4 Kf7 24. b4 Ng8 25. b5 Nf6 26. bxc6 Rxc6 27. Qb3 Rxc2 28. Rxc2 Rxc2 29. Qxc2 Qxa3 30. Qc6 Qa5 31. Kg2 Ne4 32. Qc7+ Kf6 33. Qe5+ Kf7 34. Qc7+ Kf6 35. Qe5+ Kf7 36. Bd1 Qd2 37. Qxd5+ Kg7 38. Qe5+ Kh7 39. Qe7+ Kh6 40. Qf8+ Kh7 41. Qf7+ Kh6 42. Qf8+ Kh7 43. Qf7+ Kh6 44. Qf8+ 1/2-1/2